Annotated Ontario Mental Health Statutes (Registro nro. 172213)
[ vista simple ]
| 000 -LEADER | |
|---|---|
| fixed length control field | 02470nam a22002897a 4500 |
| 007 - PHYSICAL DESCRIPTION FIXED FIELD--GENERAL INFORMATION | |
| fixed length control field | cr|||| |||| |
| 008 - FIXED-LENGTH DATA ELEMENTS--GENERAL INFORMATION | |
| fixed length control field | 220920s2022 ca |||||s|||| 00||0 eng d |
| 020 ## - INTERNATIONAL STANDARD BOOK NUMBER | |
| International Standard Book Number | 9781552216316 |
| 035 ## - | |
| -- | 37259 |
| 040 ## - CATALOGING SOURCE | |
| Original cataloging agency | vLex |
| 090 ## - | |
| -- | 13977 |
| -- | 13977 |
| 100 1# - MAIN ENTRY--PERSONAL NAME | |
| Personal name | Schneider, Richard D. |
| 245 10 - TITLE STATEMENT | |
| Title | Annotated Ontario Mental Health Statutes |
| Medium | [Recurso electrónico] / |
| Statement of responsibility, etc | Richard D. Schneider, Caitlin Pakosh, Lora Patton |
| 250 ## - | |
| -- | 5ta. Edición |
| 256 ## - | |
| -- | Servicio en línea |
| 260 ## - PUBLICATION, DISTRIBUTION, ETC. (IMPRINT) | |
| Place of publication, distribution, etc | Toronto: |
| Name of publisher, distributor, etc | Irwin Law Inc., |
| Date of publication, distribution, etc | 2022 |
| 300 ## - PHYSICAL DESCRIPTION | |
| Extent | 1 recurso electrónico |
| 500 ## - GENERAL NOTE | |
| General note | Annotated Ontario Mental Health Statutes, 5th edition, is an up-to-date, centralized source of legislation and analysis in the area of mental health for Ontario. Consolidated versions of the following legislation and related forms are included: Mental Health Actâ¯and regulations Health Care Consent Act, 1996â¯and regulations Substitute Decisions Act, 1992â¯and regulations Public Hospitals Actâ¯and regulations Personal Health Information Protection Actâ¯and regulations Theâ¯Canadian Charter of Rights and Freedomsâ¯and the relevant sections of theâ¯Criminal Codeâ¯are also included. This edition contains the mental health provisions in Part XX.1 of theâ¯Criminal Code, which formed part of Bill C-10, proclaimed in force in 2005. Also in this edition is the Crown Practice Memorandum on the Diversion of Mentally Disordered Accused. A table of cases has also been provided. Annotations cover caselaw from Ontario, as well as other jurisdictions, through to December 2021. Caselaw annotations range in length from a few sentences to the full text of the judgment. Commentaries are practical and to the point. The format is easy to use and places the updated caselaw annotations and commentary adjacent to the legislative provisions to which they relate, following the logical organization of the statutes |
| 506 1# - RESTRICTIONS ON ACCESS NOTE | |
| Terms governing access | Disponible solo en los productos indicados |
| Authorized users | vLex Global |
| -- | vLex Global (Academic Edition, excluding Law Schools) |
| -- | vLex Global (U.S. Academic Edition, Law Schools) |
| -- | vLex Global (U.S. Academic Edition, excluding Law Schools) |
| -- | vLex Global (Academic Edition, Law Schools) |
| 650 04 - SUBJECT ADDED ENTRY--TOPICAL TERM | |
| Topical term or geographic name as entry element | Derecho Penal |
| Geographic subdivision | Canadá |
| 700 1# - ADDED ENTRY--PERSONAL NAME | |
| Personal name | Pakosh, Caitlin |
| 700 1# - ADDED ENTRY--PERSONAL NAME | |
| Personal name | Patton, Lora |
| 740 0# - | |
| -- | vLex Libros (Servicio en línea) |
| 856 40 - LOCALIZACIÓN Y ACCESO ELECTRÓNICO | |
| Identificador Uniforme del Recurso (URI/URL) | https://app.vlex.com/#/sources/37259 |
| 942 ## - | |
| -- | RAA |
| 999 ## - | |
| -- | 172213 |
| -- | 172213 |
No hay ítems disponibles.